Open Data Biblioteca Nacional de Portugal


República Portuguesa: Ministério da Cultura
Biblioteca Nacional de Portugal

Catálogo da BNP: acesso por Identificadores Unívocos
Registos Bibliográficos associados ao registo de autoridade

Etiqueta de registo: 00269ncm 2200145 450
001 1376799
003 http://id.bnportugal.gov.pt/bib/catbnp/1376799
071 21 $aM 6718
100 ## $a20060725f k y0pory0103 ba
101 0# $aita
102 ## $aIT
200 1# $aSancia di Castiglia$bMúsica impressa]$fdel M. Donizetti
208 ## $a[Partitura vocal]
210 #9 $aFirenze$aMilano$cG. Ricordi$d[18--]
215 ## $a1 partitura vocal
304 ## $aLibreto de Pietro Salatino
317 ## $aPert. Conservatório Nacional$5PTBN: C.N. 253//11 V.
323 ## $aIntérprete: Santolini
327 1# $aRec.vo ed Aria "Troppo omai nel cor mi preme". - N.º de ch.: M 6718
482 #1 $10011376671$tFingal -dramma lirico in tre atti$aCoppola, -Pietro Antonio, -1793-1877$cMilano.dallo Stabilimento Nazionale di Giovanni Ricordi$d[dps 1847]
500 10 $aSancia di Castiglia.$iRecitativo e ária "Troppo omai nel cor mi preme" ;$wred
501 1# $aÓperas. Árias$rV, pf
545 1# $aTroppo omai nel cor mi preme
606 ## $aÓperas$zSéc. 19$j[Música impressa]$2SIPOR$31246331
606 ## $aMúsica em redução para canto e piano$2SIPOR$31246299
606 ## $aÁrias$j[Música impressa]$2SIPOR$31224314
620 ## $dFlorença
675 ## $a782(=1:450)"18"$vBN$zpor$3818657
675 ## $a784:786.2$vBN$zpor$3519118
675 ## $a78.089.6$vBN$zpor$3536969
675 ## $a784.2$vBN$zpor$3461637
700 #1 $aDonizetti,$bGaetano,$f1797-1848$334941
701 #1 $aSalatino,$bPietro,$ffl. 1832$4480$3214731
712 01 $aPortugal.$bConservatório Nacional.$bEscola de Música$4390$31172174
712 02 $aCasa Ricordi$c(Editores de música)$4650$3756183
801 #0 $aPT$bBN$gRPC
966 ## $lBN$mMUSICA$sC.N. 253//11 V. $x7
997 ## $aBIBEOD

Etiqueta de registo: 00407nam 2200169 450
001 551444
003 http://id.bnportugal.gov.pt/bib/catbnp/551444
100 ## $a19950727d1839 m y0pory01030103ba
101 1# $aita$apor
102 ## $aPT
105 ## $ay z 000iy
106 ## $ar
200 1# $aSancha de Castella$etragedia lyrica em dous actos
210 #9 $aLisboa$cTypografia Lisbonense,$d1839
215 ## $a75 p.$d15 cm
300 ## $aNa folha de rosto: 'Para se representar no Real Theatro de S. Carlos'
300 ## $aPersonagens: Sancha, Garcia, Ircano, Rodrigues, Elvira
305 ## $aEd. bilingue em italiano e português
307 ## $aAssin.: 1-4//8, 5//7
317 ## $aConservatório Nacional$5PTBN: C.N. 27 P.
317 ## $aTeatro de São Carlos$5PTBN: T.S.C. 1228 P.-T.S.C. 1231 P.
317 ## $aIPPC, Departamento de Musicologia $5PTBN: M. 3044 P.-M. 3045 P.
500 11 $aSancia di Castiglia.$nLibreto
518 1# $aSancha de Castela
601 02 $aTeatro de São Carlos$j[Libretos]$2SIPOR$31264404
606 ## $aÓperas$j[Libretos]$2SIPOR$31158641
620 ## $dLisboa
675 ## $a78.089.1$vBN$zpor$3506605
675 ## $a82-293$vBN$zpor$3488282
700 #1 $aSalatino,$bPietro,$ffl. 1832$3214731
701 #1 $aDonizetti,$bGaetano,$f1797-1848$4230$334941
712 02 $aTipografia Lisbonense$4610$398275
712 01 $aPortugal.$bConservatório Nacional.$bEscola de Música$4390$31172174
712 01 $aPortugal.$bTeatro Nacional de São Carlos$4390$315629
712 01 $aPortugal.$bInstituto Português do Património Cultural.$bDepartamento de Musicologia$4390$3285717
801 #0 $aPT$bBN$gRPC
856 40 $2Cópia digital disponível em Internet Archive$uhttps://archive.org/details/sanchadecastella00doni
966 ## $lBN$mFGMON$sL. 25309//6 P.
966 ## $lBN$mMUSICA$sC.N. 27 P. $x6
966 ## $lBN$mMUSICA$sM. 1218 P.
966 ## $lBN$mMUSICA$sM. 3044 P.$x7
966 ## $lBN$mMUSICA$sM. 3045 P.$x7
966 ## $lBN$mMUSICA$sT.S.C. 1228 P.$x6
966 ## $lBN$mMUSICA$sT.S.C. 1229 P.$x6
966 ## $lBN$mMUSICA$sT.S.C. 1230 P.$x6
966 ## $lBN$mMUSICA$sT.S.C. 1231 P.$x6
972 ## $e0$z0$d20260626$vssequeira
976 ## $d20260529$rmemarques
997 ## $aBIBEOD

OpendataBNP@bnportugal.pt | Mais informação sobre acesso aos dados BNP